Siirry sisältöön

Прикладной системный анализ учебное пособие

В основу пособия положен курс лекций, читаемый автором по дисциплине «Прикладной системный анализ». В учебном пособии приведены основные понятия прикладного системного анализа, необходимые при исследовании различных междисциплинарных проблем. Представлены методические и практические вопросы решения...

Täydet tiedot

Tallennettuna:
Bibliografiset tiedot
Päätekijä: Мурая Е. Н.
Aineistotyyppi: Книга
Kieli:Russian
Julkaistu: Хабаровск ДВГУПС 2023
Linkit:https://e.lanbook.com/book/433607
https://e.lanbook.com/img/cover/book/433607.jpg
Tagit: Lisää tagi
Ei tageja, Lisää ensimmäinen tagi!
LEADER 02020nam0a2200241 i 4500
001 433607
003 RuSpLAN
005 20240926170014.0
008 240926s2023 ru gs 000 0 rus
040 |a RuSpLAN 
041 0 |a rus 
044 |a ru 
245 0 0 |a Прикладной системный анализ  |b учебное пособие  |c Мурая Е. Н. 
260 |a Хабаровск  |b ДВГУПС  |c 2023 
300 |a 117 с. 
504 |a Библиогр.: доступна в карточке книги, на сайте ЭБС Лань 
520 8 |a В основу пособия положен курс лекций, читаемый автором по дисциплине «Прикладной системный анализ». В учебном пособии приведены основные понятия прикладного системного анализа, необходимые при исследовании различных междисциплинарных проблем. Представлены методические и практические вопросы решения конкретных задач, которой повышает вероятность успешного решения проблемы. Для студентов направлений бакалавриата и магистрантуры изучающих системный анализ и прикладной системный анализ, а также специалистов, специализирующихся в области системного проектирования и управления организационно-техническими системами. 
521 8 |a Книга из коллекции ДВГУПС - Информатика 
521 8 |a СЭБ 
100 1 |a Мурая Е. Н. 
856 4 |u https://e.lanbook.com/book/433607 
856 4 8 |u https://e.lanbook.com/img/cover/book/433607.jpg 
953 |a https://e.lanbook.com/img/cover/book/433607.jpg 
Cannot write session to /tmp/vufind_sessions/sess_531ge6t6su8hrhkb01jisbiah2